|
|
|
|
| LEADER |
00798nab a2200241 i 4500 |
| 001 |
misc61220 |
| 005 |
20231013121616.0 |
| 008 |
230612s1971 hu o 0|| fre d |
| 040 |
|
|
|a SZTE Miscellanea Repozitórium
|b hun
|
| 041 |
|
|
|a fre
|
| 100 |
1 |
|
|a Ronat Mitsou
|
| 245 |
1 |
0 |
|a Aspects de la théorie syntaxique de Noam Chomsky
|h [elektronikus dokumentum] /
|c Ronat Mitsou
|
| 260 |
|
|
|c 1971
|
| 300 |
|
|
|a 17-18
|c 43 cm
|
| 300 |
|
|
|a [2] p.
|c 43 cm
|
| 490 |
0 |
|
|a Lettres françaises
|
| 561 |
|
|
|a Németh Gyula hagyaték
|
| 591 |
|
|
|a NOV 4907
|
| 650 |
|
4 |
|a Bölcsészettudományok
|
| 650 |
|
4 |
|a Nyelvek és irodalom
|
| 695 |
|
|
|a Nyelvészet - általános - mondattan - könyvismertetés
|
| 700 |
0 |
1 |
|a Chomsky Noam Avram
|
| 856 |
4 |
0 |
|u http://misc.bibl.u-szeged.hu/61220/1/4907_nov.pdf
|z Dokumentum-elérés
|